Tanzania Tax Law Reports (Record no. 6707)

MARC details
005 - DATE AND TIME OF LATEST TRANSACTION
control field 20250714173347.0
020 ## - INTERNATIONAL STANDARD BOOK NUMBER
International Standard Book Number 978 9976 60 524 2
082 ## - DEWEY DECIMAL CLASSIFICATION NUMBER
Classification number 343.41 TAN
245 ## - TITLE STATEMENT
Title Tanzania Tax Law Reports
260 ## - PUBLICATION, DISTRIBUTION, ETC.
Place of publication, distribution, etc. Dar es salaam,
Name of publisher, distributor, etc. Dar es salaam University press,
Date of publication, distribution, etc. 2005.
300 ## - PHYSICAL DESCRIPTION
Extent xii, 219p.:
Other physical details References.
Dimensions 26cm.
700 ## - ADDED ENTRY--PERSONAL NAME
Other authors/Editors KIBUTA, O, LUOGA, F. D, BELEKO, J. & MWAIKUSA, J. T.
942 ## - ADDED ENTRY ELEMENTS (KOHA)
Source of classification or shelving scheme Dewey Decimal Classification
Koha item type Books
Holdings
Date last seen Total checkouts Full call number Barcode Cost, replacement price Price effective from Koha item type Lost status Source of classification or shelving scheme Damaged status Not for loan Withdrawn status Home library Current library Shelving location Date acquired Cost, normal purchase price
07/14/2025   343.41 TAN 00000013789 174999.00 07/14/2025 Books   Dewey Decimal Classification       College of Business Education Main Library College of Business Education Main Library General Collection 07/14/2025 58333.00